<?xml version="1.0" encoding="UTF-8"?>
<record
    xmlns:xsi="http://www.w3.org/2001/XMLSchema-instance"
    xsi:schemaLocation="http://www.loc.gov/MARC21/slim http://www.loc.gov/standards/marcxml/schema/MARC21slim.xsd"
    xmlns="http://www.loc.gov/MARC21/slim">

  <leader>01501nam a22002297a 4500</leader>
  <datafield tag="952" ind1=" " ind2=" ">
    <subfield code="0">0</subfield>
    <subfield code="1">0</subfield>
    <subfield code="2">lcc</subfield>
    <subfield code="4">0</subfield>
    <subfield code="7">0</subfield>
    <subfield code="a">20</subfield>
    <subfield code="b">20</subfield>
    <subfield code="d">2014-09-11</subfield>
    <subfield code="l">40</subfield>
    <subfield code="o">LC3969 S35 2011</subfield>
    <subfield code="p">20 002144</subfield>
    <subfield code="r">2025-03-06</subfield>
    <subfield code="s">2024-07-25</subfield>
    <subfield code="t">1</subfield>
    <subfield code="w">2014-09-11</subfield>
    <subfield code="y">LB</subfield>
  </datafield>
  <datafield tag="999" ind1=" " ind2=" ">
    <subfield code="c">93972</subfield>
    <subfield code="d">93972</subfield>
  </datafield>
  <controlfield tag="008">140911b2001    M  ||||| |||| 00| 0 S   d</controlfield>
  <datafield tag="020" ind1=" " ind2=" ">
    <subfield code="a">9788483163856</subfield>
  </datafield>
  <datafield tag="050" ind1=" " ind2=" ">
    <subfield code="a">LC3969</subfield>
    <subfield code="b">S35 2011</subfield>
  </datafield>
  <datafield tag="100" ind1=" " ind2=" ">
    <subfield code="a">S&#xE1;nchez Manzano, Esteban</subfield>
    <subfield code="e">, autor</subfield>
  </datafield>
  <datafield tag="245" ind1=" " ind2=" ">
    <subfield code="a">Principios de educaci&#xF3;n especial</subfield>
    <subfield code="c"> / Esteban S&#xE1;nchez Manzano</subfield>
  </datafield>
  <datafield tag="250" ind1=" " ind2=" ">
    <subfield code="a">2a. edici&#xF3;n</subfield>
  </datafield>
  <datafield tag="260" ind1=" " ind2=" ">
    <subfield code="a">Espa&#xF1;a</subfield>
    <subfield code="b"> : Editorial CCS</subfield>
    <subfield code="c"> , 2011</subfield>
  </datafield>
  <datafield tag="300" ind1=" " ind2=" ">
    <subfield code="a">484 p&#xE1;ginas</subfield>
  </datafield>
  <datafield tag="500" ind1=" " ind2=" ">
    <subfield code="a">Sustituye al libro N&#xB0; 2/ Un modelo de integraci&#xF3;n socio educativa/ QUINTANA, Jordi y Bo Imma/ Barcelona 1998</subfield>
  </datafield>
  <datafield tag="504" ind1=" " ind2=" ">
    <subfield code="a">Incluye:
Dedicatoria
&#xED;ndice de contenido
Presentaci&#xF3;n
Bibliograf&#xED;a al final de cada cap&#xED;tulo
Anexo: Test psicopedag&#xF3;gicos y cl&#xED;nicos</subfield>
  </datafield>
  <datafield tag="505" ind1=" " ind2=" ">
    <subfield code="a">Fundamentos psicol&#xF3;gicos y pedag&#xF3;gicos de la educaci&#xF3;n especial
Aproximaxi&#xF3;n al concepto de educaci&#xF3;n especial
El objeto de la educaci&#xF3;n especial
M&#xE9;todo e intervenci&#xF3;n en educaci&#xF3;n especial
Organizaci&#xF3;n y sistemas en educaci&#xF3;n especial
Investigaci&#xF3;n en educaci&#xF3;n
Intervenci&#xF3;n psicol&#xF3;gica y pedag&#xF3;gica para los alumnos excepcionales
Diferencias biol&#xF3;gicas
Problemas escolares
Diferencia cognitiva
Sobredotaci&#xF3;n sognitiva
Alteraciones del lenguaje
Transtornos de personalidad
Inadaptaci&#xF3;n social</subfield>
  </datafield>
  <datafield tag="519" ind1=" " ind2=" ">
    <subfield code="a">Plan Flexible / </subfield>
    <subfield code="b">Psicolog&#xED;a / </subfield>
    <subfield code="c">Educaci&#xF3;n especial I (P14) / </subfield>
    <subfield code="d">(20 002144)</subfield>
  </datafield>
  <datafield tag="650" ind1=" " ind2="0">
    <subfield code="a">EDUCACI&#xD3;N ESPECIAL</subfield>
    <subfield code="x">APOYO PSICOL&#xD3;GICO</subfield>
  </datafield>
  <datafield tag="650" ind1=" " ind2="0">
    <subfield code="a">EDUCACI&#xD3;N ESPECIAL</subfield>
    <subfield code="x">INTEGRACI&#xD3;N DE LOS ALUMNOS</subfield>
  </datafield>
  <datafield tag="650" ind1=" " ind2="0">
    <subfield code="a">PROBLEMAS DE APRENDIZAJE</subfield>
  </datafield>
  <datafield tag="942" ind1=" " ind2=" ">
    <subfield code="c">LB</subfield>
    <subfield code="2">lcc</subfield>
  </datafield>
</record>
